000 00749nam a22001937a 4500
999 _c8996
_d8996
003 AR-CdUCM
008 190327b ||||| |||| 00| 0 spa d
040 _aMUNICIPALIDAD PROVINCIAL DEL CUSCO
_cBIBLIOTECA MUNICIPAL DEL CUSCO
082 _a985 /
_bL98
100 _aLuna Vegas, Ricardo
_91563
245 _aHistoria y trascendencia de las cartas de Mariátegui /
260 _aLima :
_bRincón Rojo,
_c1985.
300 _a95 páginas ;
_c20 cm.
505 _aVerdadera historia de las cartas de Mariátegui -- Las cartas de Mariátegui la verdad histórica y los anticomunistas -- Trascendencia internacional de las cartas de Mariátegui ...
650 _aHistoria
_9136
650 _aAnticomunistas
_924912
942 _2ddc
_cLIBROS
945 _aacv